000
00255nam a2200097Ia 4500
001
796274
005
20250826170744.0
008
250824s9999 xx 000 0 und d
245
0
_a
ÜÇ KITA SULTANLARI
_c
SEVİNÇ KUŞOĞLU
260
_b
GENÇ TİMAŞ YAYINLARI
999
_c
796274
_d
796274